000 00663nam a2200253Ia 4500
005 20260121155402.0
008 008 260114s9999 xx 000 0 eng d
020 _a9780429352522
037 _aEBOOK
040 _aCRL
040 _beng
040 _cCRL
041 _2eng
041 _aeng
084 _qCRL
100 _a Lisa Harrison; Ellis Hurd; Kathleen Brinegar
_91018855
245 0 _aIntegrative and Interdisciplinary Curriculum in the Middle School
260 _bTaylor and Francis
260 _c2020
856 _uhttp://www.taylorfrancis.com/books/9780429352522
942 _cEBOOK
999 _c1585674
_d1585674